Knowledge management (Record no. 104370)
[ view plain ]
| 000 -LEADER | |
|---|---|
| fixed length control field | 01221cam a2200217 4500 |
| 001 - CONTROL NUMBER | |
| control field | L130150 |
| 008 - FIXED-LENGTH DATA ELEMENTS--GENERAL INFORMATION | |
| fixed length control field | 050628n2004 000 0 eng u |
| 035 ## - SYSTEM CONTROL NUMBER | |
| System control number | (Sirsi) u130150 |
| 041 0# - LANGUAGE CODE | |
| Language code of text/sound track or separate title | eng |
| 050 04 - LIBRARY OF CONGRESS CALL NUMBER | |
| Classification number | 658.404 $2 18 |
| 100 1# - MAIN ENTRY--PERSONAL NAME | |
| Personal name | Bennett, Tim |
| 245 00 - TITLE STATEMENT | |
| Title | Knowledge management |
| Remainder of title | a business briefing from the RICS Construction Faculty |
| -- | is your company's future founded on the right information? |
| 260 ## - PUBLICATION, DISTRIBUTION, ETC. | |
| Place of publication, distribution, etc. | London |
| Name of publisher, distributor, etc. | RICS |
| Date of publication, distribution, etc. | 2004 |
| 300 ## - PHYSICAL DESCRIPTION | |
| Extent | 8p. |
| Dimensions | 30cm. |
| 490 #0 - SERIES STATEMENT | |
| Series statement | RICS Construction Faculty Business Briefing |
| 520 ## - SUMMARY, ETC. | |
| Summary, etc. | Outlines the benefits of knowledge management (KM) for property and construction firms and seeks to help form an appropriate KM strategy for their business. Strategic KM is seen as one of the tools that can be used to help a company adapt to change. Looks at meeting the KM challenge, considers the benefits of KM and lists the five stages of implementation. Gives advice on where to start. Figures display the knowledge hierarchy and KM's effects and benefits. |
| 651 #4 - SUBJECT ADDED ENTRY--GEOGRAPHIC NAME | |
| Geographic name | United Kingdom |
| Chronological subdivision | |
| 690 ## - LOCAL SUBJECT ADDED ENTRY--TOPICAL TERM (OCLC, RLIN) | |
| Topical term or geographic name as entry element | MANAGEMENT-BUSINESS MANAGEMENT-INFORMATION MANAGEMENT-KNOWLEDGE MANAGEMENT |
| 710 2# - ADDED ENTRY--CORPORATE NAME | |
| Corporate name or jurisdiction name as entry element | Royal Institution of Chartered Surveyors |
| Subordinate unit | Construction Faculty |
| 9 (RLIN) | 4214 |
| 942 ## - ADDED ENTRY ELEMENTS (KOHA) | |
| Suppress in OPAC | 0 |
| Withdrawn status | Lost status | Source of classification or shelving scheme | Damaged status | Not for loan | Home library | Current library | Shelving location | Date acquired | Total Checkouts | Full call number | Barcode | Date last seen | Copy number | Price effective from | Koha item type | Date last checked out |
|---|---|---|---|---|---|---|---|---|---|---|---|---|---|---|---|---|
| Dewey Decimal Classification | London | London | RICS Boxes | 28/06/2005 | RICS 2005/20 | 30070074 | 06/08/2019 | 1 | 06/08/2019 | Archive | ||||||
| Dewey Decimal Classification | London | London | RICS Boxes | 28/06/2005 | RICS 2005/20 | 30070075 | 06/08/2019 | 2 | 06/08/2019 | Reference material | ||||||
| Dewey Decimal Classification | London | London | RICS Boxes | 28/06/2005 | 5 | RICS 2005/20 | 30070076 | 06/08/2019 | 3 | 06/08/2019 | Book | 14/11/2008 |